| 000 | 00603nam a22001937a 4500 | ||
|---|---|---|---|
| 005 | 20250808113600.0 | ||
| 010 | _aENG-146392 | ||
| 020 |
_c450.00 _a9789361636493 |
||
| 035 | _aEN-129924 | ||
| 037 | _bDBAD | ||
| 082 |
_a375.4 _21 |
||
| 100 |
_aDeepalakshmi, P. _983971 |
||
| 245 |
_aA Brief History of English Language and Literature/ _cP. Deepalakshmi |
||
| 250 | _a1 | ||
| 260 |
_aMadurai _bShanlax Publications _c2025 |
||
| 270 |
_a61, T.P.K., Main Road, Vasantha Nagar _bMadurai _e625003 _mshanlax_1990@yahoo.com |
||
| 300 |
_a305p. _c25cm(pb) |
||
| 942 |
_2ddc _cEN _h375.4 _mDEE |
||
| 999 |
_c212958 _d212958 |
||